Ohio State Football: Top 10 All-Time Leaders - Statistics

General Stats
  • This quiz has been taken 76 times
  • The average score is 17 of 61
Answer Stats
Category # Player Amount % Correct
Passing Yards 8 Troy Smith 5,720
88%
Passing Yards 2 C.J. Stroud 8,123
85%
Receiving Yards 6 Devin Smith 2,503
82%
Sacks 4 Joey Bosa 26.0
75%
Receiving Yards 5 Marvin Harrison Jr. 2,613
75%
Passing Yards 10 Dwayne Haskins 5,396
73%
Receiving Yards 3 Chris Olave 2,711
72%
Sacks 2 Chase Young 30.5
70%
Rushing Yards 2 J.K. Dobbins 4,459
68%
Passing Yards 1 J.T. Barrett 9,434
68%
Rushing Yards 8 J.T. Barrett 3,263
68%
Rushing Yards 1 Archie Griffin 5,177
62%
Receiving Yards 1 Emeka Egbuka 2,868
60%
Rushing Yards 3 Ezekiel Elliott 3,961
57%
Sacks T7 Jack Sawyer 23.0
57%
Rushing Yards 7 Braxton Miller 3,314
55%
Rushing Yards 5 Eddie George 3,578
53%
Rushing Yards 4 TreVeyon Henderson 3,761
53%
Receiving Yards 8 Cris Carter 2,421
43%
Passing Yards 5 Terrelle Pryor 6,177
35%
Receiving Yards 2 Michael Jenkins 2,746
27%
Receiving Yards 4 David Boston 2,690
25%
Receiving Yards 7 Gary Williams 2,424
23%
Tackles 5 A.J. Hawk 394
20%
Rushing Yards 6 Chris Wells 3,382
20%
Receiving Yards 9 K.J. Hill 2,332
20%
Rushing Yards 10 Carlos Hyde 3,198
17%
Tackles 3 Chris Spielman 546
17%
Passing Yards 7 Joe Germaine 5,844
17%
Sacks 6 JT Tuimoloau 23.5
17%
Tackles 6 Pepper Johnson 379
17%
Passing Yards 3 Bobby Hoying 6,751
15%
Receiving Yards 10 Santonio Holmes 2,295
13%
Interceptions T9 David Brown 12
12%
Sacks 1 Mike Vrabel 36.0
12%
Interceptions T9 Kelvin Bell 12
10%
Rushing Yards 9 Tim Spencer 3,246
10%
Passing Yards 4 Art Schlichter 6,584
8%
Passing Yards 6 Greg Frey 5,974
8%
Tackles 7 James Laurinaitis 375
8%
Sacks T9 Vernon Gholston 22.5
8%
Interceptions T3 William White 16
8%
Tackles 8 Alvin Washington 345
7%
Sacks T7 Eric Kumerow 23.0
7%
Sacks 3 Jason Simmons 27.5
7%
Sacks 5 Matt Finkes 25.0
7%
Sacks T9 Tyquan Lewis 22.5
7%
Interceptions T6 Ahmed Plummer 14
5%
Interceptions T9 Damon Moore 12
5%
Tackles 9 Ed Thompson 338
5%
Interceptions 1 Mike Sensibaugh 22
5%
Passing Yards 9 Steve Bellisari 5,401
5%
Tackles 2 Tom Cousineau 569
5%
Interceptions 5 Neal Colzie 15
3%
Tackles 4 Steve Tovar 408
3%
Interceptions 2 Fred Burney 17
2%
Tackles 10 Glen Cobb 336
2%
Tackles 1 Marcus Marek 572
2%
Interceptions T6 Sonny Gordon 14
2%
Interceptions T3 Ted Provost 16
2%
Interceptions 8 Vince Skillings 13
2%
No matching quizzes found
Score Distribution
Percent of People with Each Score
Percentile by Number Answered
Your Score History
You have not taken this quiz